Python 3 Object-oriented Programming - Second Edition

I tiakina i:
Ngā taipitopito rārangi puna kōrero
Kaituhi matua: Dusty Phillips
Hōputu: Pukapuka
I whakaputaina: Packt Pub.
Ngā Tūtohu: Tāpirihia he Tūtohu
Kāore He Tūtohu, Me noho koe te mea tuatahi ki te tūtohu i tēnei pūkete!

MARC

LEADER 00000nam a2200000Ia 4500
005 20260513122050.0
020 |a 9781784398781 
100 |a Dusty Phillips 
365 |c Rs. 
365 |b 25.00 
942 |c BK 
245 |a Python 3 Object-oriented Programming - Second Edition 
260 |b Packt Pub. 
999 |c 39  |d 39 
952 |0 0  |1 0  |4 0  |7 0  |a UNSW  |b UNSW  |d 2026-05-06  |g 4099.00  |i 16685  |l 0  |p 000079  |r 2026-05-13 12:20:50  |v 4099.00  |w 2026-05-13  |y BK